Statistiques concernant Géographie par lettre de l'alphabet n°2

Cliquez ici pour prendre le quiz!

Statistiques générales

  • Ce quiz a été pris 395 fois
  • Le résultat moyen est 19 sur 26

Statistiques - réponses

DescriptionsLettresRéponses% Correct
Partie du Canada où Montréal est la plus grande villeQQuébec
99%
Roosevelt et Kennedy y ont été des présidentsEEtats-Unis
98%
Musée contenant La JocondeLLouvre
98%
Casablanca est la plus grande ville de ce paysMMaroc
98%
Pays d'Amérique du Nord qui est divisé par deux languesCCanada
97%
Capitale de la CatalogneBBarcelone
96%
Pays d'Amérique centraleHHonduras
96%
Second pays le plus peuplé du mondeIInde
96%
Pays voisin de la TanzanieKKenya
93%
La plus grande ville d'Afrique du SudJJohannesburg
91%
Pays d'origine du pape FrançoisAArgentine
89%
Royaume-Uni en anglaisUUnited Kingdom
89%
Pays Africain le plus peuplé en OOOuganda
88%
Hanoi est sa capitaleVViêt Nam
87%
L'une des villes les plus peuplées en AmériqueNNew York
85%
Etat américain des USAPPennsylvanie
81%
Le plus petit pays d'Afrique en DDDjibouti
79%
La Rhodésie du Sud était son ancien nomZZimbabwe
75%
Archipel composé de plus de 300 îlesFFidji
74%
Épeler correctement la capitale de la Côte d'IvoireYYamoussoukro
62%
Le plus petit ''pays'' d'AfriqueSSeychelles
41%
Ancienne province située sur le territoire actuel des départements français des Landes, du Gers, des Hautes-Pyrénées, etcGGascogne
28%
Langue des PhilippinesTTagalog
23%
Ville irlandaise célèbre pour le cristalWWaterford
9%
Les îles du sud du Japon, y compris OkinawaRRyukyu
6%
Ville allemande près de la frontière néerlandaiseXXanten
2%

Distribution des résultats

Percentile par nombre de réponses

% des personnes avec chaque résultat

Votre développement - résultats

Vous n’avez pas pris ce quiz